1022 1470 1189 1176 1340 1738 1245 1074 1521 1173 1817 1787 1961 1000 1258 1538 1614 1417 1470 1262 1653 1911 1826 1056 1020 1733 1119 1648 1115 1175 1666 1655 1722 1081 1665 1001 1344 1215 1898 1517 1502 1755 1770 1702 1052 1259 1591 1997 1986 1504 1422 1968 1419 1936 1455 1235 1701 1579 1394 1355 1157 1163 1528 1060 1239 1163 1071 1426 1315 1807 1814 1728 1032 1986 1587 1872 1956 1493 1196 1997 1119 1095 1292 1680 1884 1378 1529 1211 1412 1987 1538 1745 1895 1977 1792 1526 1133 1100 1143 BCNSPRNW ULIB Ver.6.0+V

เปลี่ยนเป็นภาษาไทย

Change to English
 แสดงรายละเอียดบรรณานุกรม
  กลับหน้าหลัก

Brief Record : Get Marc (ISO 2709) : E-mail record : QR code < ปิดหน้าต่าง
LEADER : 00000nam 2200000uu 4500
001    13399114713
003     ULIB
008    110219s2554||||th 000 0 tha d
099    วจ.W84^bศ111ป
100 0  โศรตรีย์ แพน้อย
245 00 ปัจจัยที่มีความสัมพันธ์กับการดำเนินงานของหน่วยบริการปฐมภูมิตามมาตรฐานศูนย์สุขภาพชุมชนของสาธารณสุข เขต 6 /^cโศรตรีย์ แพน้อย,อติญาณ์ ศรเกษตริน,ชุลีพร เอกรัตน์
260    สุราษฎร์ธานี:^bวิทยาลัยพยาบาลบรมราชชนนี สุราษฎร์ธานี,^c2554
300    100 หน้า
650  7 หน่วยบริการปฐมภูมิ^xวิจัย
650  7 สุขภาพชุมชน^xวิจัย
700 0  อติญาณ์ ศรเกษตริน
700 0  ชุลีพร เอกรัตน์
710 2  วิทยาลัยพยาบาลบรมราชชนนี สุราษฎร์ธานี
945    ^p0^l0^i031727
995    ทศพร
999 ^a ใช้งานได้ทุกระบบ
รายการนี้ยังไม่มีแท็ก
คุณยังไม่ได้ล็อกอิน คุณสามารถมีกิจกรรมร่วมกับเว็บไซต์ได้ แต่ต้องล็อกอินก่อน ::
  ล็อกอิน

รายการสื่อสารสนเทศ

ลำดับที่ ประเภท เลขเรียก/บาร์โค้ด สถานที่ สถานะ
1. งานวิจัย
งานวิจัย
วจ.W84 ศ111ป ฉ.1 
  Barcode: 031727
ห้องสมุดวิทยาเขตสวรรค์ประชารักษ์
►วิจัย
บนชั้น

BibComment


ยังไม่เคยถูกคอมเมนท์

คอมเมนท์ทรัพยากรรายการนี้
  คอมเมนท์: ปัจจัยที่มีความสั..


 Copyright 2026. Bcnsprnw @Library